<?xml version="1.0" encoding="UTF-8"?>
<record
    xmlns:xsi="http://www.w3.org/2001/XMLSchema-instance"
    xsi:schemaLocation="http://www.loc.gov/MARC21/slim http://www.loc.gov/standards/marcxml/schema/MARC21slim.xsd"
    xmlns="http://www.loc.gov/MARC21/slim">

  <leader>04499nam a2200529Ia 4500</leader>
  <controlfield tag="001">dia_4762</controlfield>
  <controlfield tag="003">CHAP</controlfield>
  <controlfield tag="005">20241003101910.0</controlfield>
  <controlfield tag="007">ta</controlfield>
  <controlfield tag="008">220117s2011    mx bo  frm    001 0 spa d</controlfield>
  <datafield tag="010" ind1=" " ind2=" ">
    <subfield code="a">175519</subfield>
  </datafield>
  <datafield tag="040" ind1=" " ind2=" ">
    <subfield code="c">CHAP</subfield>
    <subfield code="a">mxchpua</subfield>
    <subfield code="e">rda</subfield>
  </datafield>
  <datafield tag="041" ind1="0" ind2=" ">
    <subfield code="a">spa</subfield>
    <subfield code="b">eng</subfield>
  </datafield>
  <datafield tag="090" ind1=" " ind2=" ">
    <subfield code="a">Tesis </subfield>
    <subfield code="b">L674 </subfield>
    <subfield code="c">2011</subfield>
  </datafield>
  <datafield tag="100" ind1="1" ind2=" ">
    <subfield code="a">Lorenzana Luna, Genaro</subfield>
  </datafield>
  <datafield tag="240" ind1="1" ind2="0">
    <subfield code="a">Diagnosis and suggestions of operative measures for the quality product improvement in a Chiapas cheese dairy.</subfield>
    <subfield code="l">Espa&#xF1;ol</subfield>
  </datafield>
  <datafield tag="245" ind1="1" ind2="0">
    <subfield code="a">Diagn&#xF3;stico y propuesta de medidas operativas para el mejoramiento de la calidad de los productos en una queser&#xED;a chiapaneca /</subfield>
    <subfield code="c">Genaro Lorenzana Luna</subfield>
  </datafield>
  <datafield tag="264" ind1=" " ind2=" ">
    <subfield code="a">Chapingo, M&#xE9;xico :</subfield>
    <subfield code="b">El autor,</subfield>
    <subfield code="c">2011</subfield>
  </datafield>
  <datafield tag="300" ind1=" " ind2=" ">
    <subfield code="a">116 hojas :</subfield>
    <subfield code="b">mapas, diagramas, tablas, fotos +</subfield>
    <subfield code="e">1 CD-ROM</subfield>
  </datafield>
  <datafield tag="336" ind1=" " ind2=" ">
    <subfield code="2">rdacontent</subfield>
    <subfield code="a">texto</subfield>
    <subfield code="b">txt</subfield>
  </datafield>
  <datafield tag="337" ind1=" " ind2=" ">
    <subfield code="2">rdamedia</subfield>
    <subfield code="a">no mediado</subfield>
    <subfield code="b">n</subfield>
  </datafield>
  <datafield tag="338" ind1=" " ind2=" ">
    <subfield code="2">rdacarrier</subfield>
    <subfield code="a">volumen</subfield>
    <subfield code="b">nc</subfield>
  </datafield>
  <datafield tag="500" ind1=" " ind2=" ">
    <subfield code="a">El CD contiene el reporte</subfield>
  </datafield>
  <datafield tag="502" ind1=" " ind2=" ">
    <subfield code="a">Memoria de Estancia Preprofesional </subfield>
    <subfield code="b">(Ingeniero Agroindustrial) -- </subfield>
    <subfield code="c">UACh. Departamento de Ingenier&#xED;a Agroindustrial, </subfield>
    <subfield code="d">2011</subfield>
  </datafield>
  <datafield tag="504" ind1=" " ind2=" ">
    <subfield code="a">Bibliograf&#xED;a: hojas 72-74</subfield>
  </datafield>
  <datafield tag="520" ind1="3" ind2=" ">
    <subfield code="a">En este trabajo, se presenta el estudio de una empresa dedicada a la producci&#xF3;n y comercializaci&#xF3;n de productos l&#xE1;cteos en la regi&#xF3;n costa del Estado de Chiapas, con el prop&#xF3;sito de generar propuestas para mejorar la calidad de los productos que en ella se elaboran. Este estudio se realiz&#xF3; en dos fases, en la primera, se efectu&#xF3; un estudio integral de la planta (se elabor&#xF3; el diagn&#xF3;stico, se verific&#xF3; el cumplimiento de los procesos productivos y se realizaron las correcciones necesarias para la estandarizaci&#xF3;n de los mismos) y en la parte complementaria, se establecieron par&#xE1;metros cuantitativos en los procesos de producci&#xF3;n (tiempos, temperatura, acidez y concentraci&#xF3;n de sal en la fabricaci&#xF3;n de queso) y se plantearon posibles modificaciones a los procesos con el fin de que contribuyan a mejorar la calidad higi&#xE9;nica de los productos de esta queser&#xED;a. Es necesario destacar la importancia que implica en este tipo de empresas, conocer y aplicar la normatividad vigente en el Pa&#xED;s (v.g. la Ley General de Salud, el Reglamento de Control Sanitario de Productos y Servicios, y las Normas Oficiales Mexicanas 243 y 251 de la Secretar&#xED;a de Salud, entre otras) referente a los alimentos para consumo humano y con ello, garantizar la inocuidad de los productos que ofrece.</subfield>
  </datafield>
  <datafield tag="520" ind1="3" ind2=" ">
    <subfield code="a"> A study of a milk factory located in the coast of the Chiapas State was made. The aim of this research is to made proposals in order to improve the products quality that a milk factory elaborates. The study was developed in two phases: In the first one, an integral study of the industry was carried out (a diagnostic was made, it was verified the productive processes and it was made the necessary corrections for their standardization). The second phase consisted of the registration of the quantitative parameters in the production processes (times, temperature, acidity and salt concentration in cheese manufacture). Then, changes were suggested to the cheese elaboration process with the aim of improving the hygienic quality of cheese products in that region. It is necessary to highlight the importance of fulfilling the normativity for dairy products (i.e. The General Law of Health, The regulation of sanitary Control of Products and Services, and the Official Mexican Norms 243 and 251 of the Secretary of Health, among others). As a result the safety of dairy products could be guaranteed.</subfield>
  </datafield>
  <datafield tag="650" ind1="1" ind2="3">
    <subfield code="a">Buenas pr&#xE1;cticas de fabricaci&#xF3;n</subfield>
    <subfield code="x">Manuales  </subfield>
    <subfield code="2">atg</subfield>
  </datafield>
  <datafield tag="650" ind1="1" ind2="3">
    <subfield code="a">Buenas pr&#xE1;cticas de higiene</subfield>
    <subfield code="x">Manuales  </subfield>
    <subfield code="2">atg</subfield>
  </datafield>
  <datafield tag="650" ind1="1" ind2="3">
    <subfield code="a">Control de fabricaci&#xF3;n  </subfield>
    <subfield code="2">atg</subfield>
  </datafield>
  <datafield tag="650" ind1="1" ind2="3">
    <subfield code="a">Quesos</subfield>
    <subfield code="x">Calidad del producto  </subfield>
    <subfield code="2">atg</subfield>
  </datafield>
  <datafield tag="650" ind1="1" ind2="3">
    <subfield code="a">Cheeses</subfield>
    <subfield code="x">Product quality  </subfield>
    <subfield code="2">atg</subfield>
  </datafield>
  <datafield tag="650" ind1="1" ind2="3">
    <subfield code="a">Good hygiene practices</subfield>
    <subfield code="x">Manuals, text-books, etc.</subfield>
    <subfield code="2">atg</subfield>
  </datafield>
  <datafield tag="650" ind1="1" ind2="3">
    <subfield code="a">Good manufacturing practices</subfield>
    <subfield code="x">Manuals, textbooks, etc.</subfield>
    <subfield code="2">atg</subfield>
  </datafield>
  <datafield tag="650" ind1="1" ind2="3">
    <subfield code="a">Process control  </subfield>
    <subfield code="2">atg</subfield>
  </datafield>
  <datafield tag="700" ind1="1" ind2=" ">
    <subfield code="a">Villegas de Gante, Abraham Zacarias</subfield>
    <subfield code="e">director</subfield>
  </datafield>
  <datafield tag="700" ind1="1" ind2=" ">
    <subfield code="a">Leyva Ruelas, Gabriel</subfield>
    <subfield code="e">asesor</subfield>
  </datafield>
  <datafield tag="700" ind1="1" ind2=" ">
    <subfield code="a">Santos Moreno, Armando</subfield>
    <subfield code="e">asesor</subfield>
  </datafield>
  <datafield tag="856" ind1="4" ind2="1">
    <subfield code="u">http://10.13.5.2/tesis/114348.pdf</subfield>
    <subfield code="y">DESCARGAR PDF</subfield>
  </datafield>
  <datafield tag="901" ind1=" " ind2=" ">
    <subfield code="a">TESIS L674 2011</subfield>
  </datafield>
  <datafield tag="902" ind1=" " ind2=" ">
    <subfield code="a">M</subfield>
  </datafield>
  <datafield tag="905" ind1=" " ind2=" ">
    <subfield code="a">5232272011                          mx dinl8223223322spa16</subfield>
  </datafield>
  <datafield tag="942" ind1=" " ind2=" ">
    <subfield code="c">TESIS</subfield>
    <subfield code="2">Clasificaci&#xF3;n Universidad Aut&#xF3;noma Chapingo</subfield>
  </datafield>
  <datafield tag="999" ind1=" " ind2=" ">
    <subfield code="c">175519</subfield>
    <subfield code="d">175519</subfield>
  </datafield>
  <datafield tag="952" ind1=" " ind2=" ">
    <subfield code="0">0</subfield>
    <subfield code="1">0</subfield>
    <subfield code="2">local</subfield>
    <subfield code="4">0</subfield>
    <subfield code="5">5</subfield>
    <subfield code="7">0</subfield>
    <subfield code="8">TESIS</subfield>
    <subfield code="a">IA_</subfield>
    <subfield code="b">IA_</subfield>
    <subfield code="d">2022-01-18</subfield>
    <subfield code="e">El autor</subfield>
    <subfield code="l">0</subfield>
    <subfield code="o">Tesis L674 2011</subfield>
    <subfield code="p">1101005742</subfield>
    <subfield code="r">2022-01-18 00:00:00</subfield>
    <subfield code="t">Ej. 3</subfield>
    <subfield code="w">2022-01-18</subfield>
    <subfield code="y">CD</subfield>
  </datafield>
  <datafield tag="952" ind1=" " ind2=" ">
    <subfield code="0">0</subfield>
    <subfield code="1">0</subfield>
    <subfield code="2">local</subfield>
    <subfield code="4">0</subfield>
    <subfield code="5">1</subfield>
    <subfield code="7">0</subfield>
    <subfield code="8">TESIS</subfield>
    <subfield code="a">IA_</subfield>
    <subfield code="b">IA_</subfield>
    <subfield code="d">2022-01-18</subfield>
    <subfield code="e">El autor</subfield>
    <subfield code="l">0</subfield>
    <subfield code="o">Tesis L674 2011</subfield>
    <subfield code="p">1101006205</subfield>
    <subfield code="r">2026-02-02 00:00:00</subfield>
    <subfield code="t">Ej. 1</subfield>
    <subfield code="w">2022-01-18</subfield>
    <subfield code="y">TESIS</subfield>
  </datafield>
  <datafield tag="952" ind1=" " ind2=" ">
    <subfield code="0">0</subfield>
    <subfield code="1">0</subfield>
    <subfield code="2">local</subfield>
    <subfield code="4">0</subfield>
    <subfield code="5">1</subfield>
    <subfield code="7">0</subfield>
    <subfield code="8">TESIS</subfield>
    <subfield code="a">IA_</subfield>
    <subfield code="b">IA_</subfield>
    <subfield code="d">2022-01-18</subfield>
    <subfield code="e">El autor</subfield>
    <subfield code="l">0</subfield>
    <subfield code="o">Tesis L674 2011</subfield>
    <subfield code="p">1101005731</subfield>
    <subfield code="r">2022-01-18 00:00:00</subfield>
    <subfield code="t">Ej. 2</subfield>
    <subfield code="w">2022-01-18</subfield>
    <subfield code="y">CD</subfield>
  </datafield>
  <datafield tag="952" ind1=" " ind2=" ">
    <subfield code="0">0</subfield>
    <subfield code="1">0</subfield>
    <subfield code="2">local</subfield>
    <subfield code="4">0</subfield>
    <subfield code="7">0</subfield>
    <subfield code="8">TesDigL</subfield>
    <subfield code="a">IA_</subfield>
    <subfield code="b">IA_</subfield>
    <subfield code="c">E_L</subfield>
    <subfield code="d">2024-10-03</subfield>
    <subfield code="l">0</subfield>
    <subfield code="p">1201006205</subfield>
    <subfield code="r">2024-10-03 11:20:52</subfield>
    <subfield code="w">2024-10-03</subfield>
    <subfield code="y">TD</subfield>
  </datafield>
</record>
